المفاوضات السرية بين العرب وإسرائيل / (Record no. 3786)
[ view plain ]
| 000 -الفاتح | |
|---|---|
| حقل البيانات ثابتة الطول | 01700nac a22003371i 4500 |
| 003 - محدد رقم الضبط | |
| رقم الضبط | EG-ScBUE |
| 005 - وقت وتاريخ اخر تعامل مع التسجيلة | |
| رقم الضبط | 20240104104402.0 |
| 008 - عناصر البيانات ثابتة الطول - معلومات عامة | |
| حقل البيانات ثابتة الطول | 090318m19962004ua f b 000 0 ara d |
| 020 ## - الرقم الدولى المعيارى للكتب | |
| الرقم الدولى المعيارى للكتاب | 9770903604 (الكتاب الثالث) |
| 020 ## - الرقم الدولى المعيارى للكتب | |
| الرقم الدولى المعيارى للكتاب | 9770903302 (الكتاب الأول) |
| 020 ## - الرقم الدولى المعيارى للكتب | |
| الرقم الدولى المعيارى للكتاب | 9770903337 (الكتاب الثاني) |
| 040 ## - مصدر الفهرسة | |
| وكالة الفهرسة الأصلية | EG-ScBUE |
| لغة الفهرسة | ara |
| قواعد الوصف | rda |
| وكالة النسخ | EG-ScBUE |
| وكالة التعديل | EG-ScBUE |
| 082 04 - رقم تصنيف ديوى العشرى | |
| رقم التصنيف | 956.94 |
| رقم المادة | هـ ي ك |
| رقم الطبعة | 22 |
| 100 1# - المدخل الرئيسى - إسم شخصى | |
| الإسم الشخصى | هيكل، محمد حسنين، |
| التواريخ المصاحبة للاسم | 1923-2016، |
| الدور | مؤلف. |
| 245 12 - بيان العنوان | |
| العنوان | المفاوضات السرية بين العرب وإسرائيل / |
| بيان المسئوليه,etc | محمد حسنين هيكل. |
| 250 ## - بيان الطبعة | |
| بيان الطبعة | الطبعة الحادية عشرة. |
| 264 #1 - النشر، التوزيع | |
| مكان الناشر او الموزع | القاهرة : |
| اسم الناشر او الموزع | دار الشروق، |
| تاريخ النشر أو التوزيع | 2004. |
| 300 ## - الوصف المادى | |
| التعداد | 3 مجلدات ؛ |
| أبعاد الوعاء | 24 سم |
| 336 ## - نوع المحتوى | |
| source | rdacontent |
| Carrier Type Term | نص |
| Content Type Code | txt |
| 337 ## - نوع الوسيط | |
| source | rdamedia |
| Media Type Term | بدون وسيط |
| Media Type Code | n |
| 338 ## - نوع الحامل أو الناقل | |
| source | rdacarrier |
| Carrier Type Term | مجلد |
| Carrier Type Code | nc |
| 504 ## - تبصرة ببليوجرافية | |
| تبصرة ببليوجرافية,الخ | يشتمل على إرجاعات ببليوجرافية. |
| 505 0# - تبصرة محتويات-الفهرس | |
| تبصرة المحتويات المصاغة | الكتاب الأول، الأسطورة والإمبراطورية والدولة اليهودية -- الكتاب الثاني، عواصف الحرب و عواصف السلام لماذا لم يفاوض جمال عبد الناصر ؟ : كيف فاوض أنور السادات -- الكتاب الثالث، سلام الأوهام : أوسلو - ماقبلها وما بعدها |
| 650 #7 - المدخل الاضافى بالموضوع-مصطلح موضوعى | |
| مصطلح موضوعي أو اسم جغرافي كعنصر مدخل | اليهود. |
| مصدر الرأس أو المصطلح | BUEsh |
| 9 (RLIN) | 13691 |
| 650 #7 - المدخل الاضافى بالموضوع-مصطلح موضوعى | |
| مصطلح موضوعي أو اسم جغرافي كعنصر مدخل | الحرب والسلام. |
| مصدر الرأس أو المصطلح | BUEsh |
| 9 (RLIN) | 22210 |
| 650 #7 - المدخل الاضافى بالموضوع-مصطلح موضوعى | |
| مصطلح موضوعي أو اسم جغرافي كعنصر مدخل | الانتفاضة الفلسطينية. |
| مصدر الرأس أو المصطلح | BUEsh |
| 650 #7 - المدخل الاضافى بالموضوع-مصطلح موضوعى | |
| مصطلح موضوعي أو اسم جغرافي كعنصر مدخل | النزاع العربي الإسرائيلي. |
| مصدر الرأس أو المصطلح | BUEsh |
| 653 ## - مصطلح تكشيفى غير مقيد | |
| Resource For college | BAEPS, Political Science |
| Arrived date list | October2020 |
| 655 ## - مصطلح تكشيفى-نوع/شكل | |
| التقسيم الفرعي الشكلي | Reading book |
| 942 ## - عناصر المدخل الإضافي( كوها) | |
| Koha [default] item type | Book - Borrowing |
| مصدر التصنيف او مخطط الترفيف | Dewey Decimal Classification |
| حالة التراجع | حالة الفقد | مصدر التصنيف او خطة الترفيف | حالة تلف | ليس للاعارة | مجموعات كوها | المكان الدائم | المكان الحالي | موقع الترفيف | تاريخ الاكتساب | Source of acquisition | سعر الشراء الطبيعي | رقم الاستدعاء | الباركود | Date last seen | مُعار | التكلفة | نوع الوعاء | تبصرة عامة |
|---|---|---|---|---|---|---|---|---|---|---|---|---|---|---|---|---|---|---|
| Dewey Decimal Classification | Donation-Gift | Central Library | Central Library | Second Floor | 28/06/2010 | Donation | 35.00 | 956.94 هـ ي ك | 000030617 | 15/07/2025 | 26/04/2017 | 43.75 | Book - Borrowing | الكتاب الثالت | ||||
| Dewey Decimal Classification | Donation-Gift | Central Library | Central Library | Second Floor | 28/06/2010 | Donation | 956.94 هـ ي ك | 000021060 | 15/07/2025 | 22/06/2021 | Book - Borrowing | الكتاب الاول | ||||||
| Dewey Decimal Classification | Baccah | Central Library | Central Library | Second Floor | 20/10/2020 | Purchase | 956.94 هـ ي ك | 000050003 | 15/07/2025 | 27/04/2024 | Book - Borrowing | الكتاب الثاني | ||||||
| Dewey Decimal Classification | Donation-Gift | Central Library | Central Library | Second Floor | 23/09/2021 | Donation | 956.94 هـ ي ك | 000050761 | 15/07/2025 | 11/02/2024 | Book - Borrowing | الكتاب الأول |